000 00693nam a2200181 i 4500
001 32144
003 ES-MaACL
005 20230906154524.0
007 t|
008 030226s1896 sp ||||1| spa d
100 1 _aCastellón y Pinto, Cayetano.
_936573
245 1 0 _aMemoria que en la solemne apertura del curso de 1895 a 1896 leyó en el Instituto Provincial de Jerez de la Frontera /
_cCayetano Castellón y Pinto.
260 _aJerez :
_b[s.n.],
_c1896 (
_fImp. de El Guadalete)
300 _a60 p. ;
_c26 cm.
610 2 4 _aInstituto Provincial (Jerez de la Frontera)-
_vMemorias.
_9157180
710 2 _aInstituto Provincial (Jerez de la Frontera)
_9157179
852 _aES-MaACL
_jT-868-F-3
999 _c32144
_d32144